000 00313nam a22001337a 4500
008 170823b xxu||||| |||| 00| 0 eng d
020 _a0387907718
041 _aeng
080 _a51
100 _a38
101 _aMAT
245 _aVARIAIONAL CALCULUS WITH ELEMENTARY CONVEXITY
_cTROUTMAN,J.L
942 _2udc
_cBK
999 _c24657
_d24657